| 000 | 00000nam##2200000za#4500 |
| 001 | 9.579426 |
| 003 | CaOODSP |
| 005 | 20240527135427 |
| 007 | cr ||||||||||| |
| 008 | 150406|2012||||xxc|||||o f|0| 0 eng|d |
| 020 | |a978-1-100-20207-5 |
| 040 | |aCaOODSP|beng |
| 043 | |an-cn--- |
| 086 | 1 |aCW66-307/2012E-PDF |
| 110 | 2 |aCanadian Wildlife Service. |
| 245 | 10|aReducing impacts to birds from exploration and research projects on the Arctic tundra / |h[electronic resource]|c[by] Prairie and Northern Region. |
| 260 | |aOttawa - Ontario : |bEnvironment Canada. |cNovember 2011. |
| 300 | |a49p.|bglossary, illus., maps, references, tables, photographs |
| 490 | 1 |aCanadian Wildlife Service, technical report series|v522 |
| 546 | |a(Préface en français.) |
| 590 | |a14-07-Supp|b2014-04-03 |
| 775 | 08|tRéduire les répercussions sur les oiseaux causées par l'exploration et les projets de recherche sur la toundra arctique / |w(CaOODSP)9.606880 |
| 830 | #0|aTechnical report series (Canadian Wildlife Service)|v522|w(CaOODSP)9.504438 |
| 856 | 40|ahttp://publications.gc.ca|qPDF|s808 KB|uhttps://publications.gc.ca/collections/collection_2014/ec/CW66-307-2012-eng.pdf|y522 |